| 000 | 10144cam a22021134i 4500 | ||
|---|---|---|---|
| 001 | u53649 | ||
| 003 | PE-LiUPU | ||
| 005 | 20250813165956.0 | ||
| 008 | 150622s2013 sp a rb 000 0 spa d | ||
| 020 | _a9788415942696 | ||
| 035 | _a(Sirsi) i9788415942696 | ||
| 040 |
_aPE-LiUPU _bspa _cPE-LiUPU _erda |
||
| 049 | _aPRUA | ||
| 082 | 0 | 4 |
_a658.408 _bI56 |
| 110 | 2 | _aInnovación y Cualificación S.L. | |
| 245 | 1 | 0 | _aExperto en gestión medioambiental. |
| 250 | _aPrimera edición. | ||
| 264 | 1 |
_aAntequera, Málaga : _bIC Editorial, _c[2013]. |
|
| 300 |
_a2 Tomos : _bilustraciones ; _c24 centímetros |
||
| 336 |
_atext _2rdacontent |
||
| 337 |
_aunmediated _2rdamedia |
||
| 338 |
_avolume _2rdacarrier |
||
| 500 | _aLos ID 78035, 78036 Tiene completo los dos tomos. | ||
| 504 | _aIncluye bibliografía | ||
| 505 | 0 | _aConceptos generales sobre el medio ambiente -- Concepto de medio ambiente -- Componentes del medio ambiente -- El modelo de sistema de medio ambiente -- Ecología y medio ambiente -- Los seres humanos y el medio ambiente -- Los recursos ambientales -- Los problemas ambientales -- Regulación jurídica del medio ambiente -- El Derecho Ambiental -- El Derecho Internacional del Medio Ambiente -- El Derecho ambiental en la Unión Europea -- El Derecho ambiental en España -- La Responsabilidad ambiental y el delito ecológico -- El derecho de acceso a la información ambiental -- La participación pública en la política ambiental -- Contaminación del medio acuático -- Características generales del agua -- La calidad del agua -- Sistemas de tratamiento y depuración de las aguas -- La contaminación del agua -- Obligaciones legales para los vertidos -- Legislación aplicable al medio acuático -- El aire y su contaminación -- Descripción del aire y de la atmósfera -- Contaminantes atmosféricos y sus fuentes de contaminación -- Efectos de la contaminación atmosférica -- Instrumentos para el tratamiento de la contaminación atmosférica -- Calidad del aire y protección de la atmósfera -- Contaminación acústica -- El sonido -- El ruido -- Instrumentos para la medida del sonido -- Evaluación del ruido -- Efectos producidos por la contaminación acústica -- Medidas de protección frente el ruido -- Legislación sobre el ruido -- Contaminación de suelos -- Concepto y formación del suelo -- Clasificación de los suelos -- La degradación del suelo -- Descontaminación de suelos -- Legislación aplicable a la contaminación de suelos -- La gestión de residuos -- Residuos: Concepto y Tipología -- El problema de los residuos -- Normativa aplicable a la gestión de los residuos -- La gestión de residuos -- La gestión de residuos industriales -- La minimización de los residuos -- Técnicas de gestión ambiental (I) -- Sistemas de Gestión Ambiental -- Análisis del Ciclo de Vida -- Etiquetado ecológico -- Marketing ecológico -- Evaluación de Impacto Ambiental -- Prevención y control integrado de la contaminación -- Desarrollo sostenible y Agenda 21 -- Técnicas de gestión ambiental (II) -- Red Natura 2000 -- Espacios naturales protegidos -- Energías renovables -- Auditorías ambientales -- Generalidades sobre la Auditoría -- Metodología de realización de la Auditoría Ambiental -- El auditor ambiental -- El medio ambiente en la gestión empresarial -- El entorno ambiental en la empresa -- Introducción del factor ambiental en el entorno empresarial -- La estrategia ambiental de la empresa -- Empresa y desarrollo sostenible -- Impacto ambiental de las empresas. | |
| 526 | _aP203 | ||
| 526 | _aP200 | ||
| 526 | _aSEG65 | ||
| 526 | _aSEG64 | ||
| 526 | _aSEG63 | ||
| 526 | _aSEG62 | ||
| 526 | _aSEG61 | ||
| 526 | _aSEG60 | ||
| 526 | _aSEG59 | ||
| 526 | _aSEG58 | ||
| 526 | _aSEG57 | ||
| 526 | _aSEG56 | ||
| 526 | _aSEG55 | ||
| 526 | _aSEG54 | ||
| 526 | _aSEG53 | ||
| 526 | _aSEG52 | ||
| 526 | _aSEG51 | ||
| 526 | _aSEG50 | ||
| 526 | _aSEG49 | ||
| 526 | _aSEG48 | ||
| 526 | _aSEG47 | ||
| 526 | _aSEG46 | ||
| 526 | _aSEG24 | ||
| 526 | _aSEG23 | ||
| 526 | _aSEG22 | ||
| 526 | _aSEG21 | ||
| 526 | _aSEG20 | ||
| 526 | _aSEG19 | ||
| 526 | _aSEG18 | ||
| 526 | _aSEG17 | ||
| 526 | _aSEG16 | ||
| 526 | _aSEG14 | ||
| 526 | _aSEG13 | ||
| 526 | _aSEG12 | ||
| 526 | _aSEG11 | ||
| 526 | _aSEG10 | ||
| 526 | _aSEG09 | ||
| 526 | _aSEG06 | ||
| 526 | _aSEG05 | ||
| 526 | _aSEG04 | ||
| 526 | _aSEG03 | ||
| 526 | _aSEG02 | ||
| 526 | _aSEG68 | ||
| 526 | _aSEG66 | ||
| 526 | _aSEG45 | ||
| 526 | _aSEG25 | ||
| 526 | _aSEG01 | ||
| 526 | _aP163 | ||
| 526 | _aP162 | ||
| 526 | _aP161 | ||
| 526 | _aP160 | ||
| 526 | _aP159 | ||
| 526 | _aP158 | ||
| 526 | _aP157 | ||
| 526 | _aP156 | ||
| 526 | _aP155 | ||
| 526 | _aP154 | ||
| 526 | _aP153 | ||
| 526 | _aP152 | ||
| 526 | _aP151 | ||
| 526 | _aP150 | ||
| 526 | _aP149 | ||
| 526 | _aP142 | ||
| 526 | _aP141 | ||
| 526 | _aP140 | ||
| 526 | _aP139 | ||
| 526 | _aP138 | ||
| 526 | _aP137 | ||
| 526 | _aP132 | ||
| 526 | _aP131 | ||
| 526 | _aP130 | ||
| 526 | _aP126 | ||
| 526 | _aP125 | ||
| 526 | _aP124 | ||
| 526 | _aP123 | ||
| 526 | _aP115 | ||
| 526 | _aP122 | ||
| 526 | _aP121 | ||
| 526 | _aP116 | ||
| 526 | _a P114 | ||
| 526 | _aP112 | ||
| 526 | _aP111 | ||
| 526 | _aP104 | ||
| 526 | _aP103 | ||
| 526 | _aP102 | ||
| 526 | _aP101 | ||
| 526 | _aP100 | ||
| 526 | _aP96 | ||
| 526 | _aP95 | ||
| 526 | _aP93 | ||
| 526 | _aP92 | ||
| 526 | _aP91 | ||
| 526 | _aP88 | ||
| 526 | _aP83 | ||
| 526 | _aP82 | ||
| 526 | _aP79 | ||
| 526 | _aP78 | ||
| 526 | _aP75 | ||
| 526 | _aP74 | ||
| 526 | _aP71 | ||
| 526 | _aP69 | ||
| 526 | _a P51 | ||
| 526 | _aP49 | ||
| 526 | _aP48 | ||
| 526 | _aP47 | ||
| 526 | _aP33 | ||
| 526 | _aP31 | ||
| 526 | _a P30 | ||
| 526 | _aP29 | ||
| 526 | _aP27 | ||
| 526 | _aP26 | ||
| 526 | _aP25 | ||
| 526 | _aP24 | ||
| 526 | _a P22 | ||
| 526 | _aP10 | ||
| 526 | _aP09 | ||
| 526 | _a P08 | ||
| 526 | _aP06 | ||
| 526 | _aP05 | ||
| 526 | _aP04 | ||
| 526 | _aP01 | ||
| 541 | _g001-0042329; | ||
| 541 | _g001-0000891; | ||
| 541 | _g001-0000891; | ||
| 541 | _g001-0039187; | ||
| 541 | _g001-0039188; | ||
| 541 | _g; | ||
| 650 | 7 |
_aGestión del medio ambiente. _2embne |
|
| 700 | 1 |
_aTarget Asesores S.L., _eautor. |
|
| 910 |
_adbm _bncf _cncf _d20180118 |
||
| 910 |
_ardg _bjck _crdg _d20150622 |
||
| 910 |
_armch _btqv _cjfb _d20180801 |
||
| 942 |
_2ddc _cBOOK |
||
| 949 |
_a658.408 I56 1 _wDEWEY _c1 _i74218 _d2016-10-3 _e2016-9-28 _f2018-2-12 _g4 _lCCODEBUL1 _mBUL _n2 _p29.82 _r0 _sY _tBOOK _u2016-7-26 _xINGENIERIA _PP24 _0COMPRA _o.STAFF. Colección General |
||
| 949 |
_a658.408 I56 1 _wDEWEY _c1 _iFT03010 _lCCODEBUT1 _mBUT _p47.61 _r0 _sY _tBOOK _u2015-6-22 _xINGENIERIA _PP24 _0COMPRA _o.STAFF. Colección General Tarapoto |
||
| 949 |
_a658.408 I56 1 _wDEWEY _c2 _iFT02787 _lCCODEBUT1 _mBUT _p47.61 _r0 _sY _tBOOK _u2015-6-22 _xINGENIERIA _PP24 _0COMPRA _o.STAFF. Colección General Tarapoto |
||
| 949 |
_a658.408 I56 2 _wDEWEY _c1 _i74219 _e2017-5-18 _f2018-2-12 _g4 _lCCODEBUL1 _mBUL _n1 _p29.82 _r0 _sY _tBOOK _u2016-7-26 _xINGENIERIA _PP24 _0COMPRA _o.STAFF. Colección General |
||
| 949 |
_a658.408 I56 2 _wDEWEY _c1 _iFT02788 _lCCODEBUT1 _mBUT _p47.61 _r0 _sY _tBOOK _u2015-6-22 _xINGENIERIA _PP24 _0COMPRA _o.STAFF. Colección General Tarapoto |
||
| 949 |
_a658.408 I56 2 _wDEWEY _c2 _iFT02789 _lCCODEBUT1 _mBUT _p47.61 _r0 _sY _tBOOK _u2015-6-22 _xINGENIERIA _PP24 _0COMPRA _o.STAFF. Colección General Tarapoto |
||
| 949 |
_a658.408 I56 _wDEWEY _c1 _i78035 _d2018-3-6 _f2018-2-12 _g1 _lCCODEBUL1 _mBUL _p62.24 _q1 _r0 _sY _tBOOK _u2018-1-18 _xINGENIERIA _PP24 _0COMPRA _o.STAFF. Colección Ingeniería y Arquitectura |
||
| 949 |
_a658.408 I56 _wDEWEY _c2 _i78036 _f2018-2-12 _g1 _lCCODEBUL1 _mBUL _p62.24 _r0 _sY _tBOOK _u2018-1-18 _xINGENIERIA _PP24 _0COMPRA _o.STAFF. Colección Ingeniería y Arquitectura |
||
| 949 |
_a658.408 I56 T1 2013 _wDEWEY _c1 _iFJ11216 _lCCODEBUJ1 _mBUJ _p63.64 _r0 _sY _tBOOK _u2018-08-01 _xINGENIERIA _PP24 _0COMPRA _o.STAFF. Colección General Juliaca |
||
| 994 |
_aC0 _bPEPRU |
||
| 596 | _a1 2 3 | ||
| 999 |
_a658.408 I56 1 _wDEWEY _c56361 _iFT03010 _f2019-2-20 _g2 _lCCODEBUT1 _mBUT _p47.61 _r0 _sY _tBOOK _u2015-6-22 _xINGENIERIA _PP24 _0COMPRA _o.STAFF. Colección General _d56361 |
||
| 999 |
_a658.408 I56 1 _wDEWEY _c2 _iFT02787 _d2018-8-21 _e2018-8-20 _f2019-2-20 _g2 _lCCODEBUT1 _mBUT _n1 _p47.61 _r0 _sY _tBOOK _u2015-6-22 _xINGENIERIA _PP24 _0COMPRA _o.STAFF. Colección General |
||
| 999 |
_a658.408 I56 2 _wDEWEY _c1 _iFT02788 _f2019-2-20 _g2 _lCCODEBUT1 _mBUT _p47.61 _r0 _sY _tBOOK _u2015-6-22 _xINGENIERIA _PP24 _0COMPRA _o.STAFF. Colección General |
||
| 999 |
_a658.408 I56 2 _wDEWEY _c2 _iFT02789 _f2019-2-20 _g2 _lCCODEBUT1 _mBUT _p47.61 _r0 _sY _tBOOK _u2015-6-22 _xINGENIERIA _PP24 _0COMPRA _o.STAFF. Colección General |
||
| 999 |
_a658.408 I56 1 _wDEWEY _c1 _i74218 _d2016-10-3 _e2016-9-28 _f2021-11-9 _g7 _lCCODEBUL1 _mBUL _n2 _p29.82 _r0 _sY _tBOOK _u2016-7-26 _xINGENIERIA _PP24 _0COMPRA _o.STAFF. Colección General |
||
| 999 |
_a658.408 I56 2 _wDEWEY _c1 _i74219 _e2017-5-18 _f2021-11-9 _g7 _lCCODEBUL1 _mBUL _n1 _p29.82 _r0 _sY _tBOOK _u2016-7-26 _xINGENIERIA _PP24 _0COMPRA _o.STAFF. Colección General |
||
| 999 |
_a658.408 I56 _wDEWEY _c1 _i78035 _d2018-3-6 _f2021-11-9 _g4 _lCCODEBUL1 _mBUL _p62.24 _q1 _r0 _sY _tBOOK _u2018-1-18 _xINGENIERIA _PP24 _0COMPRA _o.STAFF. Colección Ingeniería y Arquitectura |
||
| 999 |
_a658.408 I56 _wDEWEY _c2 _i78036 _f2021-11-9 _g4 _lCCODEBUL1 _mBUL _p62.24 _r0 _sY _tBOOK _u2018-1-18 _xINGENIERIA _PP24 _0COMPRA _o.STAFF. Colección Ingeniería y Arquitectura |
||
| 999 |
_a658.408 I56 T1 2013 _wDEWEY _c1 _iFJ11216 _d2019-4-8 _f2022-2-1 _g3 _lCCODEBUJ1 _mBUJ _p63.64 _q1 _r1 _sY _tBOOK _u2018-8-1 _xINGENIERIA _PP24 _0COMPRA _1FCOMPRA _o.STAFF. Colección General Juliaca |
||
| 980 |
_81 _gALBERTO SANCHEZ Responsable de Automatización |
||